| 000 | 00463nam a2200181Ia 4500 | ||
|---|---|---|---|
| 003 | GCL | ||
| 008 | 140319s9999 xx 000 0 eng d | ||
| 040 |
_aGCL / _cGCL |
||
| 082 | 0 | 4 |
_aCC _b069.0962 _bL C |
| 100 | 1 | _aLEONARDO, ARIE | |
| 245 | 1 | 0 |
_aLA COLLEZAIONE EGIXIANA / _cLEONARDO, ARIE |
| 260 |
_a[S.N] : _bLEONARDO ARTS ، _c1994 |
||
| 300 | _a143 P | ||
| 650 | 0 | 4 | _aHISTORY |
| 650 | 0 | 4 | _aEGYPT, MUSEUMS |
| 650 | 0 | 4 | _aEGYPT - ANTIQUITIES |
| 942 |
_2ddc _cBK |
||
| 999 |
_c16423 _d16423 |
||